Abortion in a changing world / 1
| Medienart: | Druck Buch |
|---|---|
| Sprache: | Englisch |
| Veröffentlicht: |
New York
Columbia Univ. Pr.
1970
|
| In: |
Abortion in a changing world proceedings of an international conference convened in Hot Springs, Virginia, November 17-20, 1968 by the Association for the Study of Abortion
Jahr: 1970 |
| Bestand in Tübingen: | In Tübingen vorhanden. UB: KB 1 A 489-1 |
| Verfügbarkeit prüfen: | HBZ Gateway |
| Subito Bestelldienst: | Jetzt bestellen. |
MARC
| LEADER | 00000cam a2200000 cc4500 | ||
|---|---|---|---|
| 001 | 1073671895 | ||
| 003 | DE-627 | ||
| 005 | 20231127144431.0 | ||
| 007 | tu | ||
| 008 | 850101s1970 xx ||||| 00| ||eng c | ||
| 020 | |a 0231033788 |9 0-231-03378-8 | ||
| 035 | |a (DE-627)1073671895 | ||
| 035 | |a (DE-576)003671895 | ||
| 035 | |a (DE-599)BSZ003671895 | ||
| 035 | |a (OCoLC)310756636 | ||
| 040 | |a DE-627 |b ger |c DE-627 |e rakwb | ||
| 041 | |a eng | ||
| 245 | 0 | 0 | |a Abortion in a changing world |n 1 |c ed. by Robert E. Hall |
| 264 | 1 | |a New York |b Columbia Univ. Pr. |c 1970 | |
| 300 | |a XX, 377 S. |b Ill. | ||
| 336 | |a Text |b txt |2 rdacontent | ||
| 337 | |a ohne Hilfsmittel zu benutzen |b n |2 rdamedia | ||
| 338 | |a Band |b nc |2 rdacarrier | ||
| 773 | 1 | 8 | |a Abortion in a changing world proceedings of an international conference convened in Hot Springs, Virginia, November 17-20, 1968 by the Association for the Study of Abortion |w (DE-627)1073671887 |w (DE-576)003671887 |g 1 |q 1 |7 nnam |
| 951 | |a MV | ||
| ELC | |b 1 | ||
| LOK | |0 000 xxxxxcx a22 zn 4500 | ||
| LOK | |0 001 2027513396 | ||
| LOK | |0 003 DE-627 | ||
| LOK | |0 004 1073671895 | ||
| LOK | |0 005 20010903000000 | ||
| LOK | |0 008 910812||||||||||||||||ger||||||| | ||
| LOK | |0 040 |a DE-21 |c DE-627 |d DE-21 | ||
| LOK | |0 852 |a DE-21 | ||
| LOK | |0 852 1 |c KB 1 A 489-1 |9 00 | ||
| LOK | |0 935 |a krim | ||
| LOK | |0 936ln |a k10.9 | ||
| LOK | |0 939 |a 12-08-91 |b l01 | ||
| ORI | |a SA-MARC-krimdoka001.raw | ||
| SIG | |a UB: KB 1 A 489-1 | ||
